[Event "CZE-tht Extraliga 2017-18"]
[Site "Czech Republic"]
[Date "2017.12.02"]
[Round "3.6"]
[White "Oral, Tomas"]
[Black "Petr, Martin"]
[Result "1-0"]
[WhiteElo "2512"]
[BlackElo "2497"]
[Annotator "TA"]
[PlyCount "81"]
[EventDate "2017.??.??"]
[EventType "team-tourn"]
[EventCountry "CZE"]
[SourceTitle "playchess.com"]
[Source "ChessBase"]
[SourceQuality "1"]

{[%evp 25,81,39,40,16,43,25,10,24,32,32,26,28,29,32,29,35,31,0,43,40,41,56,62,81,112,112,97,104,106,103,157,153,153,162,164,161,158,141,152,139,172,142,262,255,238,247,999,678,1073,998,979,984,962,918,807,793,749,730]} 1. e4 e6 2. d4 d5 3. Nd2 c5 4. exd5 Qxd5 5. Ngf3 cxd4 6. Bc4 Qd6 7. O-O Nf6 8. Nb3 Nc6 9. Nbxd4 Nxd4 10. Nxd4 Be7 11. c3 O-O 12. Qf3 Qc7 13. Bb3 Bd7 {LiveBook: 24 Partien} 14. h3 {C07: Französische Verteidigung (Tarrasch-Variante)} (14. Re1 Rfe8 15. h3 Rad8 16. Bf4 Qb6 17. Re2 Nd5 18. Bxd5 exd5 19. Rae1 Bc5 20. Rxe8+ Rxe8 21. Rxe8+ Bxe8 22. Qxd5 Bxd4 23. Qxd4 Qxd4 24. cxd4 {½-½ (30) Karjakin,S (2760)-Nakamura,H (2776) Zuerich 2015}) 14... Rae8 $146 ({Vorgänger:} 14... Bc5 15. Bf4 Qb6 16. Be5 Ne8 17. Rad1 Bd6 18. Rfe1 Bxe5 19. Rxe5 Nf6 20. Rg5 Kh8 21. Bc2 Rac8 {1-0 (39) Belikov,V (2500)-Lutsko,I (2410) Voronezh 1997}) 15. Bf4 e5 16. Bh2 {Die Stellung ist ausgeglichen.} Bd6 17. Nf5 Bxf5 18. Qxf5 e4 19. Bxd6 Qxd6 20. Rad1 $36 {[%mdl 2048] Weiss hat Druck.} Qc7 21. Rd4 (21. Qg5 {feels hotter.} b6 22. Rd4 h6 23. Qe3 Rd8 24. Rfd1) 21... Rd8 (21... e3 {keeps more tension.} 22. fxe3 Rxe3 23. Qf2 Re7 24. Rc4 Qb8) 22. Rfd1 Rxd4 23. Rxd4 Qe7 24. Qf4 h6 {[#]} 25. Rc4 $1 Rd8 26. Rc7 Rd7 {[#]} 27. Rxd7 $1 Qxd7 (27... Nxd7 $142 28. Bd5 Nc5) 28. Qb8+ $16 Kh7 29. Qxa7 Qd2 30. Qe3 ({Und nicht} 30. Qxb7 Qc1+ 31. Kh2 Qf4+ 32. Kg1 Qc1+ 33. Kh2 Qf4+ 34. Kg1 Qc1+ $11) 30... Qxb2 31. Bxf7 Qb1+ 32. Kh2 Qd3 33. Qg3 g5 (33... Qxg3+ $16 34. Kxg3 g5) 34. Qe5 $18 Kg7 35. Be6 Qd2 $2 (35... Qd8 36. a4 Qe7) 36. Qc7+ {Weiß steht klar auf Gewinn.} Kh8 37. Qb8+ Kg7 38. Qxb7+ Kh8 39. Qb8+ Kg7 40. Qa7+ Kh8 41. Qd4 {Precision: Weiß = 77%, Schwarz = 55%.} 1-0

[Event "CZE-tht Extraliga 2017-18"]
[Site "Czech Republic"]
[Date "2017.12.02"]
[Round "3.6"]
[White "Biolek, Richard Jr"]
[Black "Babula, Vlastimil"]
[Result "1/2-1/2"]
[WhiteElo "2449"]
[BlackElo "2548"]
[Annotator "TA"]
[PlyCount "61"]
[EventDate "2017.??.??"]
[EventType "team-tourn"]
[EventCountry "CZE"]
[SourceTitle "playchess.com"]
[Source "ChessBase"]
[SourceQuality "1"]

{[%evp 15,61,17,8,0,0,0,0,0,0,0,0,-26,-21,-40,-46,-36,-39,-54,-52,-111,-109,-120,-60,-63,-64,-59,-20,-30,-29,-27,-16,-17,-17,-17,-17,-9,-13,-11,-16,-23,-24,-36,-18,-27,-14,-14,-9,-16]} 1. d4 Nf6 2. c4 e6 3. Nc3 Bb4 4. g3 O-O 5. Bg2 d5 6. a3 {E20: Nimzo-Indian: 4 g3 and 4 f3} Be7 7. cxd5 exd5 8. Nh3 c6 {LiveBook: 5 Games} 9. Nf4 (9. O-O Na6 10. Nf4 Nc7 11. f3 c5 12. Be3 b6 13. Qc2 Bb7 {1-0 (61) Wei,Y (2739)-Karjakin,S (2760) Medias 2017}) 9... Nbd7 10. O-O Nb6 $146 ({Predecessor:} 10... Re8 11. b4 a6 12. Nd3 Nb6 13. Qb3 Nc4 {½-½ (34) Jovanic,O (2533)-Tratar,M (2493) Nova Gorica 2010}) 11. b3 Re8 12. f3 Bf8 13. Nd3 Bf5 14. Nc5 Nbd7 15. Nxd7 ({Don't blunder} 15. Nxb7 $2 Qb6 $19) 15... Qxd7 16. Bg5 Be7 17. e4 (17. Bf4 $15) 17... dxe4 $17 18. fxe4 Bg6 (18... Nxe4 $17 19. Bxe4 Bg4 20. Bxh7+ Kxh7 21. Qd3+ Kg8 22. Bxe7 Rxe7) 19. e5 $15 Nd5 20. Bd2 Nc7 (20... Nb6 $5 {[%cal Rd7d4]} 21. Be3 f6 $11) 21. Be3 Rad8 22. b4 f6 23. Qb3+ Bf7 24. Qc2 Nd5 25. Nxd5 Bxd5 26. Bxd5+ Qxd5 27. Rf5 {[#] And now exf6 would win.} g6 28. Rf2 fxe5 29. dxe5 Qxe5 30. Qa2+ Qd5 31. Bxa7 {Precision: White = 62%, Black = 76%.} 1/2-1/2

[Event "CZE-tht Extraliga 2017-18"]
[Site "Czech Republic"]
[Date "2017.12.02"]
[Round "3.6"]
[White "Roubalik, Jakub"]
[Black "Krejci, Jan"]
[Result "1-0"]
[WhiteElo "2400"]
[BlackElo "2566"]
[Annotator "TA"]
[PlyCount "115"]
[EventDate "2017.??.??"]
[EventType "team-tourn"]
[EventCountry "CZE"]
[SourceTitle "playchess.com"]
[Source "ChessBase"]
[SourceQuality "1"]

{[%evp 25,115,43,50,55,45,16,102,0,30,-46,0,10,49,51,113,22,32,-41,-48,-56,155,149,152,144,217,196,247,262,268,283,273,268,224,0,65,0,0,0,332,393,366,386,387,384,382,357,372,322,318,299,243,319,308,211,194,181,623,603,505,135,303,114,95,99,97,90,224,226,371,320,1182,1153,1043,638,592,581,601,582,982,941,1371,1332,1638,1570,1975,1814,1881,1786,29976,29977,29976,29971]} 1. d4 d5 2. c4 c6 3. Nf3 Nf6 4. e3 Bf5 5. Nc3 e6 6. Nh4 Bg4 7. Qb3 Qb6 8. h3 Bh5 9. g4 Bg6 10. Nxg6 hxg6 11. Bg2 Nbd7 {D12: Slav Defence: 3 Nf3 Nf6 4 e3 Bf5} 12. c5 (12. Bd2 Be7 13. g5 Nh5 14. h4 O-O 15. O-O-O Qxb3 16. axb3 Nb6 17. Bf1 f6 18. Bd3 f5 19. Ne2 {½-½ (80) Bai,J (2567)-Li,B (2413) Shenzhen 2016}) 12... Qxb3 13. axb3 a6 {LiveBook: 3 Games. White is slightly better.} 14. b4 O-O-O 15. g5 $146 ({Predecessor:} 15. Bd2 Rh4 16. Ke2 Be7 17. f3 Nf8 18. Be1 Rh8 19. Bg3 {1-0 (59) Krueger,A (2163)-Herman,J (2217) Belgium 2014}) 15... Ne8 (15... Ng8 $1 $11) 16. e4 (16. f4 $16) 16... Nc7 17. Bf4 ({White should play} 17. f4 $11) 17... Be7 (17... e5 $15 18. dxe5 d4) 18. h4 $11 Rh7 19. Bg3 f6 (19... dxe4 $14 20. Bxe4 Nb8) 20. exd5 (20. f4 $1 $16) 20... exd5 21. b5 (21. f4 $1 $14) 21... axb5 $15 22. O-O Nb8 $2 (22... fxg5 $15 {keeps the upper hand.} 23. hxg5 Bxg5) 23. Rfe1 $36 {[%mdl 3072] White has strong compensation. White has strong initiative.} Rd7 24. Bh3 f5 (24... Bd8 $16) 25. Kg2 $18 {Threatens to win with Ne2.} Nba6 (25... Bd8 {was worth a try.} 26. Re5 Rf7) 26. Ne2 {Strongly threatening Nf4.} Ne6 27. Ra3 $1 Bd8 28. Re3 $1 {[%cal Re3e6]} Nac7 29. Ra1 $2 ({White should try} 29. Bxc7 $1 $18 Nxc7 30. Nf4 Rxh4 31. Nxg6 Rxh3 32. Rxh3 (32. Kxh3 Bxg5 33. Re5 Bf6 $16) 32... Bxg5 33. Rh5) 29... Rf7 (29... Re7 $11) 30. Rea3 (30. Bxc7 $1 $14 Nxc7 31. Kg3) 30... Na6 31. Re3 Kd7 $2 {[%mdl 8192]} (31... Nac7 $11) 32. Rxe6 $1 Kxe6 33. Nf4+ Kd7 34. Nxg6 Bc7 35. Re1 Bxg3 36. Kxg3 Kd8 37. Kf4 Nb4 {And now ...Nd3+ would win.} 38. Rd1 Re7 39. Nxe7 Kxe7 {[%mdl 4096] Endgame KRB-KRN} 40. Re1+ ({Stronger than} 40. Kxf5 Rxh4 41. Bg4 g6+ 42. Kf4 Kf7 $11) 40... Kf8 $2 (40... Kd8 41. Bxf5 Rxh4+ 42. Ke3 Ke8) 41. Bxf5 Rxh4+ 42. Ke5 $2 (42. Kg3 $1 $18 {[%cal Rg3h4] is the precise move to win.} Rxd4 43. Bg6) 42... Ke7 $2 (42... Rh5 $16) 43. Ra1 $2 (43. Bg6 $18) 43... Na6 $16 {[#]} 44. f3 $1 Rh2 {[#]} 45. Re1 $1 Nb4 (45... Rd2 $16) 46. Kf4+ $18 Kd8 (46... Kf7 {was called for.} 47. g6+ Kf8) 47. Re6 Rh4+ $2 ({Much worse is} 47... Rxb2 48. Rg6 $18) (47... Nc2 48. Kg3 Rd2) 48. Ke5 Rh8 49. Kd6 Rf8 50. Bg6 Kc8 {[#]} 51. f4 $1 {[%cal Bf3f4,Bf4f5,Bf5f6][%mdl 544]} Rd8+ (51... Rxf4 52. Re8#) 52. Ke7 Rh8 53. Kf7 Rh4 54. f5 Nc2 55. Kxg7 Nxd4 56. Re8+ Kd7 57. f6 Ne6+ {[#]} 58. Rxe6 $1 {[%mdl 512] Precision: White = 62%, Black = 31%.} 1-0

[Event "CZE-tht Extraliga 2017-18"]
[Site "Czech Republic"]
[Date "2017.12.02"]
[Round "3.6"]
[White "Szotkowski, Jakub"]
[Black "Obsivac, Josef"]
[Result "0-1"]
[WhiteElo "2377"]
[BlackElo "2338"]
[Annotator "TA"]
[PlyCount "80"]
[EventDate "2017.??.??"]
[EventType "team-tourn"]
[EventCountry "CZE"]
[SourceTitle "playchess.com"]
[Source "ChessBase"]
[SourceQuality "1"]

{[%evp 22,80,23,26,80,9,20,0,0,0,0,0,0,0,0,0,-37,-77,-79,-61,0,0,54,53,50,25,31,30,60,26,26,0,0,0,0,-364,0,0,44,47,61,49,66,6,6,10,6,-10,-10,-10,-10,-8,-8,-701,-699,-666,-663,-1197,-1173,-1082,-1013]} 1. d4 Nf6 2. c4 e6 {[%cal Be7e6,Be6e5,Be5e4][%mdl 32]} 3. g3 Bb4+ 4. Bd2 a5 5. Bg2 d6 6. Nf3 Nbd7 7. O-O e5 8. Nc3 O-O 9. a3 {E11: Bogo-Indian} (9. Rc1 Re8 10. Bg5 exd4 11. Nxd4 h6 12. Be3 Rxe3 13. fxe3 Ne5 14. Nd5 Nxd5 15. cxd5 Bc5 16. Rc3 Bd7 {0-1 (50) Ftacnik,L (2546)-Papaioannou,I (2652) Heraklio 2017}) 9... Bxc3 10. Bxc3 e4 11. Nd2 Re8 12. e3 {LiveBook: 3 Games} d5 {[#]} (12... Qe7 $11 {keeps the balance.}) 13. Qc2 ({White should try} 13. f3 $1 $16) 13... c6 $11 14. Rfc1 $146 ({Predecessor:} 14. b4 a4 15. b5 Nf8 16. bxc6 bxc6 17. Rfb1 Ne6 18. Rb4 Ng5 19. Rxa4 {½-½ (19) Valerga,D (2474)-Real de Azua,E (2415) Villa Martelli 2014}) 14... h5 15. b4 a4 16. b5 h4 17. Bb4 (17. gxh4 $6 Nf8 $16) (17. bxc6 {is more complex.} bxc6 18. cxd5 cxd5 19. Bb4 hxg3 20. fxg3 Nf8 21. Qc7) 17... hxg3 18. hxg3 Ng4 19. bxc6 bxc6 20. cxd5 cxd5 (20... Qf6 $1 $15 21. Nc4 (21. Nxe4 Qh6 $17) 21... cxd5) 21. Qc6 Qf6 (21... Nb6 $11) 22. Qxf6 $1 $14 (22. Qxa8 $2 {too greedy.} Qxf2+ 23. Kh1 Nxe3 $19) 22... Ndxf6 23. Rc5 Be6 24. Rac1 Reb8 25. Bf1 Kh7 26. Nb1 {[%cal Bd2b1,Bb1c3,Bc3e2,Be2f4][%mdl 32]} Kg6 27. Nc3 Rh8 28. Ra5 $2 {[%mdl 8192]} (28. Ne2 $11 {and White has nothing to worry.}) 28... Rab8 $2 ({Black should play} 28... Rxa5 $19 29. Bxa5 Nh2) 29. Ne2 $11 Rh2 30. Bg2 Rbh8 31. Nf4+ Kf5 32. Be7 ({Better is} 32. Rxa4 $14 Nxf2 33. Rf1 (33. Kxf2 g5 $14)) 32... g5 33. Nxe6 fxe6 34. Bxf6 Kxf6 35. Rxa4 R2h7 36. Ra6 {Threatens to win with Rcc6.} Nh2 {[#] aiming for ...Nf3+.} 37. f4 $2 {[%mdl 8192]} (37. Rac6 $11) 37... exf3 $19 {Black is clearly winning.} 38. Bh1 Kf5 39. e4+ dxe4 {( -> ...Ng4)} 40. Ra5+ Kf6 {Precision: White = 40%, Black = 70%.} 0-1

[Event "CZE-tht Extraliga 2017-18"]
[Site "Czech Republic"]
[Date "2017.12.02"]
[Round "3.6"]
[White "Caletka, Radomir"]
[Black "Rydl, Jiri"]
[Result "0-1"]
[WhiteElo "2307"]
[BlackElo "2398"]
[Annotator "TA"]
[PlyCount "76"]
[EventDate "2017.??.??"]
[EventType "team-tourn"]
[EventCountry "CZE"]
[SourceTitle "playchess.com"]
[Source "ChessBase"]
[SourceQuality "1"]

{[%evp 19,76,0,43,0,0,0,7,0,17,-44,-1,-30,-37,-93,-91,-86,-81,-90,-74,-78,-84,-106,-104,-104,-93,-119,-118,-147,-124,-140,-144,-137,-137,-148,-146,-173,-155,-164,-152,-188,-177,-270,-305,-322,-278,-290,-172,-160,-172,-174,-139,-207,-189,-383,-381,-336,-271,-393,-359]} 1. Nf3 Nf6 2. c4 c6 3. d4 d5 4. e3 Bg4 5. h3 Bxf3 6. Qxf3 e6 7. Nc3 Nbd7 8. Bd3 Bd6 9. O-O O-O {D11: Damengambit (Slawische Verteidigung)} 10. Rd1 Qe7 {LiveBook: 42 Partien} 11. b3 (11. Qe2 dxc4 12. Bxc4 e5 13. dxe5 Nxe5 14. Bb3 Ng6 15. Bd2 Rfe8 16. Be1 Qe5 17. g3 {½-½ (55) Bocharov,D (2611)-Vitiugov,N (2721) Sochi 2016}) 11... Rfe8 {Die Stellung ist ausgeglichen.} 12. Bf1 a6 $146 ({Vorgänger:} 12... Rad8 13. Rb1 Bb8 14. Bd2 Nf8 15. Be1 Ng6 16. g3 e5 17. dxe5 Nxe5 {½-½ (62) Campos Moreno,J (2470)-Peralta,F (2538) Calvia 2005}) 13. Bd2 b5 14. cxb5 (14. g4 $11) 14... cxb5 15. e4 {Schwarz muss nun e5 beachten.} b4 16. Nxd5 (16. e5 $15 Bxe5 17. Nxd5 Nxd5 18. dxe5) 16... exd5 $17 17. e5 {[#]} Nxe5 $1 18. dxe5 Bxe5 19. Rac1 Ne4 $36 {[%mdl 2048] Weiss steht unter starkem Druck.} 20. Rc6 Qb7 21. Rc2 a5 22. Be3 Nc3 (22... a4 {seems wilder.} 23. Bd3 Nc3 24. Re1 Qd7 25. Bd2 g6) 23. Rd3 Qe7 24. Bd2 {[%cal Rd2c3]} d4 25. Bf4 Rad8 26. Bxe5 Qxe5 27. Rcd2 Rd6 28. Qg4 {[%cal Rd3d4]} Red8 29. g3 g6 30. Bg2 (30. Qf3 $142) 30... h5 $19 31. Qh4 Kg7 32. Bf3 Qf6 (32... Rf6 $142 33. Kg2 Rdd6) 33. Qxf6+ Kxf6 34. Kg2 Ke5 35. Bb7 (35. Bd1 $17) 35... g5 36. f4+ $2 {[#]} (36. Bf3) 36... gxf4 37. gxf4+ Kf5 38. Kg3 (38. Bf3 $142) 38... Ne4+ {Precision: Weiß = 21%, Schwarz = 68%.} 0-1

[Event "CZE-tht Extraliga 2017-18"]
[Site "Czech Republic"]
[Date "2017.12.02"]
[Round "3.6"]
[White "Jurasek, Miroslav"]
[Black "Kraus, Tomas"]
[Result "0-1"]
[WhiteElo "2291"]
[BlackElo "2427"]
[Annotator "TA"]
[PlyCount "98"]
[EventDate "2017.??.??"]
[EventType "team-tourn"]
[EventCountry "CZE"]
[SourceTitle "playchess.com"]
[Source "ChessBase"]
[SourceQuality "1"]

{[%evp 13,98,35,13,3,0,0,0,9,20,-17,0,-4,-20,-13,0,-17,0,0,0,-36,-28,-76,-17,-45,-41,-98,-79,-84,-46,-53,-29,-33,91,79,62,-30,0,-49,-51,-31,-8,-41,-39,-47,-39,-61,-6,-62,-64,-59,-57,-68,-68,-82,-41,-55,-32,-59,-60,-90,-58,-65,-77,-124,-122,-131,-93,-85,-97,-97,-93,-151,-174,-174,-160,-160,-167,-163,-120,-174,-187,-235,-227,-495,-460,-458,-450]} 1. d4 Nf6 2. Nf3 g6 3. Nc3 Bg7 4. e4 d6 5. Be3 a6 6. Qd2 b5 {B08: Pirc Defence: Classical System} (6... O-O 7. Bd3 Nc6 8. h3 e5 9. d5 Ne7 10. O-O-O b5 11. Bh6 b4 12. Bxg7 Kxg7 13. Ne2 c6 14. dxc6 Nxc6 15. Bc4 Qb6 16. Ng3 Na5 17. Bb3 Nxb3+ 18. axb3 Re8 {0-1 (38) Bok,B (2608)-Smirin,I (2667) Wijk aan Zee 2017}) 7. Bd3 Bb7 {LiveBook: 34 Games} 8. O-O-O b4 {The position is equal.} 9. Ne2 {[%cal Bc3e2,Be2g3,Bg3e4][%mdl 32]} Nxe4 $146 ({Predecessor:} 9... b3 10. axb3 Nxe4 11. Bxe4 Bxe4 12. Bh6 Bxh6 13. Qxh6 Bxf3 14. gxf3 {1-0 (34) BuShamsa (2417)-Spiritus Ludens (2451) playchess.com INT 2006}) 10. Qxb4 Qc8 $1 11. Ng3 Nc6 12. Qc4 Nf6 13. h4 h5 14. Ne4 Ng4 15. Neg5 Nd8 $1 16. Rde1 e6 17. Kb1 Qd7 ({Black should play} 17... O-O $17) 18. Re2 O-O 19. Bc1 (19. Qb3 $15) 19... Bd5 20. Qb4 Nc6 21. Qa4 Rfb8 22. c3 Nce5 (22... Nh6 $15 {stays ahead.}) 23. Qxd7 $16 Nxd7 24. Rd1 (24. Nxf7 $1 $14 Kxf7 25. Ng5+ Kg8 26. f3) 24... Nb6 25. Ne1 (25. Nxf7 $5 Kxf7 26. Ng5+ Kg8 27. f3 $11) 25... a5 26. f3 Nh6 27. Nc2 Nf5 28. Ne3 Nxe3 29. Rxe3 Nc4 (29... c5 $15) 30. Bxc4 (30. Re2 $1 $11) 30... Bxc4 $15 31. g4 hxg4 32. fxg4 Rb5 33. Rg3 Rab8 34. Ne4 {Black should prevent Nd2.} Bd5 35. Re3 a4 36. g5 Bc6 37. Rf1 Rf5 $36 {[%mdl 2048] Black is on the roll.} 38. Ng3 Rxf1 39. Nxf1 Kf8 40. Ng3 e5 {[%cal Be6e5,Be5e4][%mdl 32]} 41. Ne2 Ke7 42. Nf4 ({Better is} 42. dxe5 dxe5 43. Bd2) 42... Rh8 $17 43. Nd3 e4 44. Nb4 Bb7 45. Rh3 Ke6 46. Rh2 (46. Nc2 $17) 46... f5 $19 47. Bf4 c5 48. dxc5 $2 {[#]} (48. Nc2) 48... dxc5 49. Nc2 Be5 {Precision: White = 30%, Black = 59%.} 0-1

[Event "CZE-tht Extraliga 2017-18"]
[Site "Czech Republic"]
[Date "2017.12.02"]
[Round "3.7"]
[White "Zilka, Stepan"]
[Black "Rasik, Vitezslav"]
[Result "1-0"]
[WhiteElo "2517"]
[BlackElo "2466"]
[Annotator "TA"]
[PlyCount "59"]
[EventDate "2017.??.??"]
[EventType "team-tourn"]
[EventCountry "CZE"]
[SourceTitle "playchess.com"]
[Source "ChessBase"]
[SourceQuality "1"]

{[%evp 16,59,36,21,36,20,52,42,58,54,66,42,72,60,80,72,99,58,87,93,93,104,83,90,212,188,286,197,203,228,281,286,425,422,427,422,419,405,445,436,2688,436,2625,2485,29997,29998]} 1. e4 d6 2. d4 {[%cal Bd2d4,Bd4d5][%mdl 32]} g6 3. Nf3 Nf6 4. Bd3 Bg7 5. O-O O-O 6. Re1 Nc6 {B07: Pirc-Ufimzew-Verteidigung} 7. d5 Nb4 (7... Nb8 8. h3 c6 9. c4 a5 10. Nc3 Na6 11. Be3 Nd7 12. Rc1 Ndc5 13. Bb1 Bd7 14. Qd2 cxd5 15. Nxd5 {1-0 (77) Grischuk,A (2782)-Caruana,F (2799) Saint Louis 2017}) 8. Bf1 a5 9. h3 {LiveBook: 4 Partien} e5 $146 ({Vorgänger:} 9... c6 10. c4 e6 11. Nc3 Re8 12. a3 Na6 13. Be3 exd5 14. exd5 cxd5 15. cxd5 {1-0 (42) Alekseev,E (2636)-Bologan,V (2640) Sochi 2016}) 10. c4 Ne8 11. Nc3 f5 12. a3 {[%cal Ba2a3,Ba3b4,Bb4b5][%mdl 32]} Na6 $1 13. b4 Nf6 14. Rb1 $36 {[%mdl 2048] Weiss hat Initiative.} h6 15. Bd3 f4 16. Na4 axb4 17. axb4 g5 18. b5 Nb8 {[#]} 19. c5 $1 dxc5 (19... g4 $16 {war nötig.} 20. hxg4 Bxg4) 20. Nxe5 $18 Nbd7 (20... Nfd7 $142) 21. Nc4 f3 22. Bc2 Nh5 {[#]} 23. e5 $1 {[%cal Be4e5,Be5e6][%mdl 32]} ({Nicht} 23. gxf3 Ne5 $14) 23... Nf4 (23... Rxa4 $142 24. Bxa4 g4) 24. e6 Ne2+ 25. Rxe2 $1 fxe2 26. Qxe2 Re8 27. Qh5 Rxa4 (27... Re7 $142 28. exd7 (28. Qg6 Nf8 $14) 28... Re1+ 29. Kh2 Qxd7 30. Nxc5 Qe7) 28. Qf7+ Kh8 29. Bb2 {[%csl Gf7][%cal Rb2g7]} Rg8 30. Qg6 {Precision: Weiß = 56%, Schwarz = 14%.} 1-0

[Event "CZE-tht Extraliga 2017-18"]
[Site "Czech Republic"]
[Date "2017.12.02"]
[Round "3.7"]
[White "Pulpan, Jakub"]
[Black "Jansa, Vlastimil"]
[Result "1/2-1/2"]
[WhiteElo "2401"]
[BlackElo "2425"]
[Annotator "TA"]
[PlyCount "66"]
[EventDate "2017.??.??"]
[EventType "team-tourn"]
[EventCountry "CZE"]
[SourceTitle "playchess.com"]
[Source "ChessBase"]
[SourceQuality "1"]

{[%evp 19,66,31,48,18,20,21,29,18,12,0,13,13,25,31,38,24,34,24,11,23,34,-8,0,-27,-10,-23,8,5,27,14,9,0,0,0,0,0,0,0,0,-7,0,0,0,0,0,0,1,0,0]} 1. e4 c5 2. Nf3 e6 3. d4 cxd4 4. Nxd4 Nc6 5. Nc3 a6 6. Qd3 {B46: Sicilian: Taimanov: 5 Nc3 a6} (6. Nxc6 bxc6 7. Bd3 Qc7 8. O-O Nf6 9. Qe2 d5 10. Bg5 Bb7 11. f4 h6 12. Bh4 Be7 13. Bg3 O-O 14. e5 Ne8 15. f5 exf5 16. Bxf5 Qb6+ 17. Kh1 g6 {1-0 (34) Wei,Y (2740)-Ivanchuk,V (2732) Hoogeveen 2017}) 6... Qc7 7. Nxc6 bxc6 8. Qg3 Qxg3 9. hxg3 d5 10. Na4 Rb8 {LiveBook: 8 Games} 11. b3 Bb4+ 12. c3 Bd6 13. exd5 cxd5 {[#]} 14. Bf4 $146 e5 15. Be3 Ne7 (15... h6 {seems wilder.} 16. f3 Nf6 17. O-O-O a5 18. Ba7 Rb7) 16. Bc5 Bxc5 17. Nxc5 a5 $1 18. a3 O-O 19. b4 Bf5 20. Bd3 Rfd8 21. Rd1 d4 22. cxd4 Rxd4 23. Rh4 {With the idea Rxd4.} axb4 (23... Rd5 {with more complications.} 24. Rc4 Bxd3 25. Rxd3 axb4 26. Rxb4 Ra8) 24. Rxd4 exd4 {The position is equal.} 25. Na6 Ra8 {[#] ...Bxd3 is the strong threat.} 26. Nxb4 Rxa3 27. Bxf5 Nxf5 $11 {[%mdl 4096] Endgame KRN-KRN} 28. Nc2 Ra4 29. g4 Nh4 30. Kf1 $1 f5 31. g3 Nf3 32. gxf5 Rc4 33. Kg2 Nh4+ {Precision: White = 41%, Black = 53%.} 1/2-1/2

[Event "CZE-tht Extraliga 2017-18"]
[Site "Czech Republic"]
[Date "2017.12.02"]
[Round "3.7"]
[White "Simek, Petr"]
[Black "Klima, Lukas"]
[Result "1/2-1/2"]
[WhiteElo "2377"]
[BlackElo "2308"]
[Annotator "TA"]
[PlyCount "68"]
[EventDate "2017.??.??"]
[EventType "team-tourn"]
[EventCountry "CZE"]
[SourceTitle "playchess.com"]
[Source "ChessBase"]
[SourceQuality "1"]

{[%evp 22,68,58,51,59,-13,41,0,0,-10,25,-7,-5,-7,-7,-7,-7,-8,-6,-7,-7,-10,24,25,25,9,9,19,29,14,14,14,15,17,13,13,31,-12,12,7,86,79,95,54,70,72,54,72,149]} 1. d4 Nf6 2. c4 e6 3. g3 c5 4. d5 exd5 5. cxd5 d6 6. Nc3 g6 7. Bg2 Bg7 8. Nf3 O-O 9. O-O Re8 10. Bf4 Nh5 11. Bg5 {A62: Modern Benoni: Fianchetto Variation without early ...Nbd7} Qd7 12. a4 {LiveBook: 6 Games} Na6 13. h3 (13. Nd2 $14) (13. Nd2 h6 14. Be3 Nb4 15. Nc4 b6 16. Nb5 Bf8 17. Qd2 Kh7 18. h3 Ba6 {0-1 (38) Navara,D (2725)-Grigoriants,S (2563) Tallinn 2016}) 13... Nc7 (13... h6 $11 14. Bd2 Nb4) 14. Qd2 $146 ({Predecessor:} 14. Qd3 a6 15. e4 h6 16. Bd2 Rb8 17. Rfe1 b5 18. g4 c4 19. Qc2 Nf6 20. axb5 axb5 {1-0 (40) Lamawansa,Y (1960)-Wijekoon,C (2007) Malabe 2015}) 14... Nf6 15. Nh2 Rb8 16. Rfe1 b5 17. axb5 Nxb5 18. Nxb5 Rxb5 19. e4 Rb4 {[%cal Rf6e4]} 20. Qc2 $1 Qb5 21. Rab1 Nd7 {[%cal Rb4b2]} 22. b3 c4 23. Bf1 {[%cal Rf1c4]} Rxb3 24. Bxc4 Rxb1 25. Rxb1 Qc5 26. Be3 Qc7 $1 27. Bd3 Qxc2 28. Bxc2 Nc5 29. Rb8 (29. Bxc5 $5 dxc5 30. Kg2 $11) 29... Kf8 30. Bf4 $36 {[%mdl 2048] Black is under pressure.} Ke7 (30... Be5 $1 $11) 31. Ra8 $16 a6 32. Nf3 Bd7 33. Ra7 Rb8 34. Be3 Ke8 {Precision: White = 54%, Black = 45%.} ({Better is} 34... Rb2) 1/2-1/2

[Event "CZE-tht Extraliga 2017-18"]
[Site "Czech Republic"]
[Date "2017.12.02"]
[Round "3.7"]
[White "Vlasak, Lukas"]
[Black "Munk, Petr"]
[Result "1-0"]
[WhiteElo "2351"]
[BlackElo "2142"]
[Annotator "TA"]
[PlyCount "93"]
[EventDate "2017.??.??"]
[EventType "team-tourn"]
[EventCountry "CZE"]
[SourceTitle "playchess.com"]
[Source "ChessBase"]
[SourceQuality "1"]

{[%evp 26,93,38,7,35,47,45,44,56,62,83,83,90,79,132,140,142,143,148,160,172,168,219,215,283,274,336,348,343,316,340,343,345,343,343,286,341,340,331,333,381,381,379,377,381,381,466,458,432,420,535,525,939,939,921,863,1600,1425,4323,2937,2708,2823,29985,29986,29988,29989,29991,29992,29984,2278]} 1. e4 e6 2. d4 d5 3. Nd2 Nf6 4. e5 Nfd7 5. Bd3 c5 6. c3 Nc6 7. Ne2 cxd4 8. cxd4 f6 9. exf6 Nxf6 10. O-O Bd6 11. Nf3 O-O 12. Bf4 Bxf4 13. Nxf4 Ne4 14. Qc1 {LiveBook: 281 Games} Bd7 {C06: French Tarrasch: 3...Nf6 4 e5 Nfd7 5 Bd3 main lines} (14... Ng5 15. Nxg5 Qxg5 16. Ne2 Qf6 17. Qd2 Bd7 18. Bb5 Nb8 19. a4 Bc6 20. Qb4 a6 21. Bd3 a5 22. Qd6 Rd8 23. Qg3 Be8 24. b3 Nc6 {1-0 (42) Rublevsky,S (2698)-Volkov,S (2599) Rostov on Don 2014}) 15. Qe3 Qf6 16. Nh5 Qf7 {White is slightly better.} 17. Ng3 Nxg3 $146 ({Predecessor:} 17... Nf6 18. Ng5 Qe7 19. Rae1 Rae8 20. Nh5 g6 21. Nxf6+ Qxf6 22. Nf3 {1-0 (48) Bukowska,K (2015)-Koval,D (2183) Tatranske Zruby 2005}) 18. hxg3 Qh5 19. Bb5 Rf6 ({Black should try} 19... e5) 20. Bxc6 $1 $16 Bxc6 21. Ne5 Bb5 22. Rfc1 Raf8 23. f3 Rh6 (23... Bc6 {is a better defense.} 24. b3 (24. Nxc6 bxc6 25. Rxc6 Qe8 $16) 24... Rc8) 24. Kf2 $18 Qf5 25. g4 Qf4 26. Qxf4 Rxf4 27. g5 Rh5 28. g4 Rxg5 29. Rc8+ Rf8 30. Rxf8+ Kxf8 31. f4 Rxe5 32. dxe5 {[%mdl 4096] Endgame KR-KB} ({Not} 32. fxe5 Ke7 $16) 32... Kf7 33. Rc1 Bc6 34. Ke3 h6 35. Kd4 g6 36. Rh1 Kg7 37. Rh2 Be8 38. Kc5 h5 39. gxh5 gxh5 40. Kd6 d4 41. Kxe6 Kh6 42. Rd2 h4 43. Rxd4 Bc6 44. f5 {[%cal Bf4f5,Bf5f6,Bf6f7][%mdl 32] White mates.} Kg5 45. f6 h3 46. f7 h2 47. Rd1 {Precision: White = 96%, Black = 26%.} (47. f8=Q $142 h1=Q 48. Qf5+ Kh6 49. Ke7 Bd7 50. Rd6+ Be6 51. Rxe6+ Kg7 52. Rg6+ Kh8 53. Qf8+ Kh7 54. Qg8#) 1-0